| 000 | 00942nam a22002892a 4500 | ||
|---|---|---|---|
| 001 | 34174 | ||
| 003 | BD-RjUL | ||
| 005 | 20211209052122.0 | ||
| 008 | 140514s1964 nyuab b 000 0 eng d | ||
| 035 |
_aOCLC ocm00397537 from D960801M _a(BD-RjUL)34268 |
||
| 040 |
_aDLC _cDLC _dBNG _dUKM _dBD-RjUL _beng |
||
| 041 | _aeng | ||
| 082 |
_a915.63 _bPIL 1964 |
||
| 100 | 1 |
_aPierce, Joe E. _9103889 |
|
| 245 | 1 | 0 |
_aLife in a Turkish village / _cby Joe E. Pierce |
| 260 |
_aNew York ; _aLondon : _bHolt, Rinehart and Winston, _c1964. |
||
| 300 |
_avi, 102 p. : _billus., map. ; _c24 cm |
||
| 490 | 1 | _aCase studies in cultural anthropology | |
| 504 | _aBibliography: p. 102 | ||
| 650 |
_aDemirciler (Turkey) _9103890 |
||
| 651 | 0 |
_aDemirciler (Turkey) _9103891 |
|
| 651 | 0 |
_aTurkey _xSocial life and customs _9103892 |
|
| 830 | 0 |
_aCase studies in cultural anthropology _9103898 |
|
| 942 |
_2ddc _cBK |
||
| 999 |
_c34174 _d34174 |
||